<?xml version="1.0" encoding="UTF-8"?>
<record
    xmlns:xsi="http://www.w3.org/2001/XMLSchema-instance"
    xsi:schemaLocation="http://www.loc.gov/MARC21/slim http://www.loc.gov/standards/marcxml/schema/MARC21slim.xsd"
    xmlns="http://www.loc.gov/MARC21/slim">

  <leader>04701cam a2200325   4500500</leader>
  <controlfield tag="005">20260111073556.0</controlfield>
  <datafield tag="041" ind1=" " ind2=" ">
    <subfield code="a">fre</subfield>
  </datafield>
  <datafield tag="042" ind1=" " ind2=" ">
    <subfield code="a">dc</subfield>
  </datafield>
  <datafield tag="100" ind1="1" ind2="0">
    <subfield code="a">Touzot, Maxime</subfield>
    <subfield code="e">author</subfield>
  </datafield>
  <datafield tag="700" ind1="1" ind2="0">
    <subfield code="a">Bataille, Pierre</subfield>
    <subfield code="e">author</subfield>
  </datafield>
  <datafield tag="700" ind1="1" ind2="0">
    <subfield code="a">Rostoker, Guy</subfield>
    <subfield code="e">author</subfield>
  </datafield>
  <datafield tag="700" ind1="1" ind2="0">
    <subfield code="a">Chauveau, Philippe</subfield>
    <subfield code="e">author</subfield>
  </datafield>
  <datafield tag="700" ind1="1" ind2="0">
    <subfield code="a">Lanot, Antoine</subfield>
    <subfield code="e">author</subfield>
  </datafield>
  <datafield tag="700" ind1="1" ind2="0">
    <subfield code="a">Misery, Laurent</subfield>
    <subfield code="e">author</subfield>
  </datafield>
  <datafield tag="245" ind1="0" ind2="0">
    <subfield code="a">Prurit associ&#xE9; &#xE0; la maladie r&#xE9;nale chronique chez les patients h&#xE9;modialys&#xE9;s&#xA0;: une enqu&#xEA;te aupr&#xE8;s des n&#xE9;phrologues fran&#xE7;ais</subfield>
  </datafield>
  <datafield tag="260" ind1=" " ind2=" ">
    <subfield code="c">2023.
							</subfield>
  </datafield>
  <datafield tag="500" ind1=" " ind2=" ">
    <subfield code="a">53</subfield>
  </datafield>
  <datafield tag="520" ind1=" " ind2=" ">
    <subfield code="a">Introduction. Le prurit associ&#xE9; &#xE0; l&#x2019;insuffisance r&#xE9;nale chronique (Pa-IRC) est fr&#xE9;quent chez les patients h&#xE9;modialys&#xE9;s et alt&#xE8;re gravement leur qualit&#xE9; de vie, mais les pratiques des n&#xE9;phrologues restent mal connues. M&#xE9;thodes. L&#x2019;objectif de cette enqu&#xEA;te en ligne &#xE9;tait de d&#xE9;crire la prise en charge du Pa-IRC par les n&#xE9;phrologues fran&#xE7;ais h&#xE9;modialyseurs affili&#xE9;s &#xE0; la Soci&#xE9;t&#xE9; francophone de n&#xE9;phrologie, dialyse et transplantation (SFNDT). R&#xE9;sultats. Au total, 122 questionnaires ont &#xE9;t&#xE9; remplis et 100 &#xE9;taient utilisables. Les n&#xE9;phrologues suivaient personnellement 52 patients (m&#xE9;diane). Ils estimaient que la pr&#xE9;valence du Pa-IRC chez ces patients &#xE9;tait de 10 % (m&#xE9;diane&#xA0;; &#xE9;cart interquartile&#xA0;: 6,3-17,2)&#xA0;; 6 % des n&#xE9;phrologues ont d&#xE9;clar&#xE9; ne suivre aucun patient atteint de Pa-IRC. En cas de Pa-IRC, l&#x2019;intervention de premi&#xE8;re intention &#xE9;tait l&#x2019;&#xE9;valuation du m&#xE9;tabolisme phosphocalcique (53,5 %) et la v&#xE9;rification de la qualit&#xE9; de dialyse (52 %). Pour le Pa-IRC mod&#xE9;r&#xE9; &#xE0; s&#xE9;v&#xE8;re, la prescription de premi&#xE8;re intention &#xE9;tait un traitement topique (71,3 %), un antihistaminique (23,2 %) et un changement de membrane (15,9 %). Les traitements disponibles &#xE9;taient consid&#xE9;r&#xE9;s comme inefficaces pour 50,5 % des n&#xE9;phrologues, partiellement efficaces pour 45,5 % et efficaces pour seulement 4 %. Conclusion. Ces r&#xE9;sultats montrent que selon l&#x2019;opinion des n&#xE9;phrologues, la pr&#xE9;valence du prurit est faible chez les patients dialys&#xE9;s. Ceci est en contradiction avec les &#xE9;tudes bas&#xE9;es sur des entretiens syst&#xE9;matiques avec les patients, sugg&#xE9;rant ainsi que le prurit est un sympt&#xF4;me sous-estim&#xE9; par les n&#xE9;phrologues. Dans le contexte de l&#x2019;arriv&#xE9;e d&#x2019;un nouveau m&#xE9;dicament pour le prurit, les patients devraient &#xEA;tre davantage interrog&#xE9;s sur ce sympt&#xF4;me afin de proposer ce traitement.</subfield>
  </datafield>
  <datafield tag="520" ind1=" " ind2=" ">
    <subfield code="a">Background. Chronic kidney disease-associated pruritus (CKD-aP) is common in hemodialysis patients and severely impairs their quality of life, but the practices of nephrologists remain poorly known. Methods. The objective of this on-line survey was to describe the management of CKD-aP in French nephrologists affiliated with the French-speaking Society of Nephrology, Dialysis and Transplantation (SFNDT) and involved in hemodialysis. Results. In total, 122 questionnaires were completed and 100 were usable. Nephrologists reported they personally managed a median of 52 patients; they estimated that the CKD-aP prevalence in their hemodialysis patients was a median of 10% (IQR, 6.3-17.2); 6% of nephrologists reported not following any patient with CKD-aP. In case of CKD-aP, the first-intention intervention was the evaluation of phosphocalcic metabolism (53.5%) and verification of dialysis adequacy (52%). For moderate-to-severe CKD-aP, the first-line prescription was topical therapy (71.3%), antihistamine (23.2%) and membrane change (15.9%). Patients were referred to a dermatologist mainly in case of treatment failure (86.9%) or scratching lesions (40.4%). Available treatments were considered ineffective for 50.5% of nephrologists, partially effective for 45.5% and effective for only 4%. Conclusion. These results show that according to the opinion of nephrologists, the pruritus prevalence is low in dialysis patients. This is inconsistent with studies based on systematic patient interviews, thus suggesting that pruritus is a symptom overlooked by nephrologists. In the context of the arrival of a new drug for pruritus, patients should be more questioned about this symptom in order to propose this treatment.</subfield>
  </datafield>
  <datafield tag="690" ind1=" " ind2=" ">
    <subfield code="a">h&#xE9;modialyse</subfield>
  </datafield>
  <datafield tag="690" ind1=" " ind2=" ">
    <subfield code="a">insuffisance r&#xE9;nale chronique</subfield>
  </datafield>
  <datafield tag="690" ind1=" " ind2=" ">
    <subfield code="a">maladie r&#xE9;nale au stade terminale</subfield>
  </datafield>
  <datafield tag="690" ind1=" " ind2=" ">
    <subfield code="a">prurit</subfield>
  </datafield>
  <datafield tag="690" ind1=" " ind2=" ">
    <subfield code="a">advanced chronic kidney disease</subfield>
  </datafield>
  <datafield tag="690" ind1=" " ind2=" ">
    <subfield code="a">end-stage renal disease</subfield>
  </datafield>
  <datafield tag="690" ind1=" " ind2=" ">
    <subfield code="a">hemodialysis</subfield>
  </datafield>
  <datafield tag="690" ind1=" " ind2=" ">
    <subfield code="a">pruritus</subfield>
  </datafield>
  <datafield tag="786" ind1="0" ind2=" ">
    <subfield code="n">N&#xE9;phrologie &amp;amp; Th&#xE9;rapeutique | Volume 19 | 6 | 2023-06-01 | p. 475-482 | 1769-7255</subfield>
  </datafield>
  <datafield tag="856" ind1="4" ind2="1">
    <subfield code="u">https://stm.cairn.info/revue-nephrologie-et-therapeutique-2023-6-page-475?lang=fr&amp;redirect-ssocas=7080</subfield>
  </datafield>
  <datafield tag="999" ind1=" " ind2=" ">
    <subfield code="c">1615473</subfield>
    <subfield code="d">1615473</subfield>
  </datafield>
</record>
